| 000 | 00838nam a2200241 a 4500 | ||
|---|---|---|---|
| 001 | BRCA_155 | ||
| 005 | 20190320202914.0 | ||
| 008 | 921015s1990----it-a#####b---#000-0#spa-# | ||
| 020 | _a748365060 | ||
| 020 | _a8843533800 | ||
| 041 | _aspa | ||
| 044 | _ait | ||
| 050 | 4 |
_aF1219.3 _b.A78 1990 |
|
| 245 | 1 | 0 | _aArte precolombino de México. |
| 260 |
_aMilán _bOlivetti : Electa _cc1990 |
||
| 300 |
_a310 p. _bil. (algunas a color) _c30 cm. |
||
| 500 | _aCatálogo de la exposición realizada en el Palacio de Velázquez Parque del Retiro (Madrid), 15 octubre, 1990 - 6 enero, 1991 | ||
| 504 | _aBibliografía: p. 309-310 | ||
| 650 | 1 | 4 |
_aCerámica indígena _vExposiciones _zMéxico _9593 |
| 650 | 1 | 4 |
_aEscultura indígena _vExposiciones _zMéxico _9594 |
| 650 | 1 | 4 |
_aIndígenas de México _vExposiciones _xAntigüedades _9595 |
| 942 |
_2lcc _cB |
||
| 999 |
_c134 _d134 |
||